Most Popular Songs in USA 1/17/2026 - Statistics

General Stats
  • This quiz has been taken 9 times
  • The average score is 7 of 15
Answer Stats
Rank Artist (Version) Answer Streams Radio Airplay Sales % Correct
3. HUNTR/X Golden 17.9 Million 63.1 Million 4 Thousand
78%
2. Alex Warren Ordinary 18.1 Million 71.8 Million 3.5 Thousand
78%
1. Taylor Swift The Fate Of Ophelia 18.5 Million 62.1 Million 11 Thousand
78%
6. Djo End of Beginning 19.2 Million 4.4 Million 6.5 Thousand
67%
8. Sombr Back to Friends 10.4 Million 48.8 Million 1 Thousand
56%
11. Justin Bieber Daisies 7.4 Million 44.9 Million 0.6 Thousand
56%
9. Taylor Swift Opalite 10.9 Million 34.9 Million 2 Thousand
56%
5. Ella Langley Choosin' Texas 19 Million 27.1 Million 5 Thousand
44%
7. Kehlani Folded 12.1 Million 43.5 Million 2 Thousand
44%
10. Leon Thomas Mutt 5.8 Million 60.6 Million 0.4 Thousand
44%
12. Morgan Wallen I Got Better 10.8 Million 20.8 Million 0.6 Thousand
33%
13. Raye WHERE IS MY HUSBAND! 9.1 Million 17.6 Million 2 Thousand
33%
4. Olivia Dean Man I Need 16.9 Million 60.4 Million 2.5 Thousand
22%
15. Olivia Dean So Easy (To Fall In Love) 11 Million 3.8 Million 1 Thousand
22%
14. Lil Uzi Vert What You Saying 11.9 Million 0.9 Million 0.3 Thousand
22%
No matching quizzes found
Score Distribution
Percent of People with Each Score
Percentile by Number Answered
Your Score History
You have not taken this quiz